Welches U-Bahn-Netz in Deutschland? - Statistiken

Allgemein
  • Dieses Quiz wurde 278 mal gespielt
  • Das Durchschnittsergebnis liegt bei 12 aus 20
Antwortstatistiken
Hint Antwort % Korrekt
Pankow Berlin
96%
St. Pauli Hamburg
93%
Jungfernstieg Hamburg
82%
Moosach München
79%
Sendlinger Tor München
78%
Innsbrucker Ring München
76%
Harras München
64%
Krumme Lanke Berlin
63%
Berliner Tor Hamburg
63%
Plärrer Nürnberg
63%
Stadtgrenze Nürnberg
53%
Kaulsdorf Nord Berlin
52%
Berne Hamburg
52%
Hardhöhe Nürnberg
51%
Wöhrder Wiese Nürnberg
49%
Bayrischer Platz Berlin
44%
Am Hart München
43%
Burgstraße Hamburg
42%
Birkenstraße Berlin
40%
Kaulbachplatz Nürnberg
40%
Keine übereinstimmenden Quizze gefunden
Verteilung der Resultate
Anzahl Personen mit jedem Resultat
Perzentil nach korrekt beantworteten Fragen
Ihre Resultats-Entwicklung
Sie haben dieses Quiz noch nicht gespielt